000 00515nam a2200157 4500
999 _c80460
_d80460
008 201207b ||||| |||| 00| 0 eng d
040 _bger
_cSTAFF
_erda
041 _ager
100 _aSternaux, Ludwig
245 _aDreimal Paretz - eine Reise in die Vergangenheit
_cLudwig Sternaux
773 _dBerlin: Die Mark Brandenburg - Verlag für Regional- und Zeitgeschichte
_g(2020) Heft 117, S. 18-23: Abb.
_tDie Mark Brandenburg
942 _cA